000 00646nam a2200229Ia 4500
003 OSt
005 20220925225749.0
006 a|||||r|||| 00| 0
007 ta
008 220923b |||||||| |||| 00| 0 eng d
037 _cGeneral Book
040 _aRTL
_cRTL
_beng
041 _2eng
_aeng
082 _aY15.19B.N2, E5
100 _aCooper Elizabeth
_9135104
245 0 _aHarim and the Purdah
_b Studies of oriental women
260 _aLondon
_bT Fisher Unwin
_c1915
300 _a309p
_ccm.
650 _aEthnology
_935130
942 _hY15.19B.N2, E5
_cGB
_2CC
999 _c584137
_d584137